[Event "Fagernes Chess International"]
[Site "Fagernes"]
[Date "2015.03.29"]
[Round "9"]
[White "Kaasen, Tor Fredrik"]
[Black "Mihajlov, Svetoslav"]
[Result "1-0"]
[WhiteElo "2099"]
[BlackElo "2203"]
[PlyCount "51"]
[EventDate "2015.??.??"]

1. d4 Nf6 2. c4 c5 3. e3 cxd4 4. exd4 d5 5. Nf3 g6 6. Nc3 Bg7 7. Bg5 dxc4 8.
Bxc4 O-O 9. Ne5 Nbd7 10. O-O Nb6 11. Bb3 Nbd5 12. Qf3 Nxc3 13. bxc3 Qc7 14. Bf4
Qa5 15. Rfe1 e6 16. Bg5 Nd5 17. c4 f6 18. cxd5 fxe5 19. Qe4 exd4 20. dxe6 Kh8
21. e7 Re8 22. Bf7 Qxg5 23. Bxe8 Bf5 24. Qxb7 Rxe8 25. Qc6 Rxe7 26. Qa8+ 1-0

[Event "Fagernes Chess International"]
[Site "Fagernes"]
[Date "2015.03.29"]
[Round "9"]
[White "Hølleland, Sigve"]
[Black "Vovk, Oksana"]
[Result "1/2-1/2"]
[WhiteElo "1963"]
[BlackElo "2112"]
[PlyCount "38"]
[EventDate "2015.??.??"]

1. c4 e5 2. g3 Nf6 3. Bg2 d5 4. cxd5 Nxd5 5. Nc3 Nb6 6. Nf3 Nc6 7. O-O Be7 8.
d3 O-O 9. a3 Be6 10. b4 a5 11. b5 Nd4 12. Nxd4 exd4 13. Ne4 a4 14. Nd2 Nd5 15.
Bb2 Bc5 16. Qc2 Bb6 17. Nc4 Bc5 18. Nd2 Bb6 19. Nc4 Bc5 1/2-1/2

[Event "Fagernes Chess International"]
[Site "Fagernes"]
[Date "2015.03.29"]
[Round "9"]
[White "Grønnestad, Anita"]
[Black "Havik, Victor"]
[Result "0-1"]
[WhiteElo "1987"]
[BlackElo "2160"]
[PlyCount "92"]
[EventDate "2015.??.??"]

1. c4 e5 2. g3 Nf6 3. Bg2 h6 4. Nc3 Bb4 5. d3 Bxc3+ 6. bxc3 O-O 7. Rb1 c6 8.
Qc2 Re8 9. e3 d6 10. Ne2 Qc7 11. O-O Nbd7 12. Ba3 Nf8 13. Nc1 b6 14. Nb3 Be6
15. Nd2 d5 16. c5 b5 17. c4 dxc4 18. dxc4 a6 19. Bb2 N8d7 20. a3 Rac8 21. cxb5
axb5 22. Rfd1 Bg4 23. Rdc1 Ra8 24. h3 Be6 25. Ra1 Ra4 26. Bf1 Bd5 27. Bd3 e4
28. Bf1 Ne5 29. Qc3 Qd7 30. Rd1 Qf5 31. Bg2 Bc4 32. Nb3 Nd5 33. Qc2 Bd3 34. Qd2
Nc4 35. Nd4 Qg6 36. Qc1 f5 37. Rxd3 exd3 38. Nxb5 d2 39. Qc2 Nxb2 40. Qxb2 Nxe3
41. Nd6 Nc4 42. Nxc4 Re1+ 43. Bf1 Qf6 44. Qb3 Rxc4 45. Qxc4+ Kh8 46. Qa6 Rxa1
0-1